000 00372nam a22001457a 4500
999 _c3845
_d3845
008 200703b ||||| |||| 00| 0 eng d
082 0 0 _a623.8933
_bS9417
100 _92542
_aSubramaniam, H.
245 1 0 _aShipborne radar /
_cby H Subramaniam
250 _a1st ed.
260 _aBombay
_bVijaya
_c1980
300 _axii, 295 p.
650 0 _aRadar in Navigation
942 _cBK